The worm in the bud : (Record no. 1429)

MARC details
000 -LEADER
fixed length control field 00619cam a2200229 4500
005 - DATE AND TIME OF LATEST TRANSACTION
control field 20260322212100.0
008 - FIXED-LENGTH DATA ELEMENTS--GENERAL INFORMATION
fixed length control field data
010 ## - LIBRARY OF CONGRESS CONTROL NUMBER
LC control number 68-31280
040 ## - CATALOGING SOURCE
Original cataloging agency DNLM
Transcribing agency DNLM
041 09 - LANGUAGE CODE
Language code of text/sound track or separate title eng
060 00 - NATIONAL LIBRARY OF MEDICINE CALL NUMBER
Classification number HQ 18.G5
Item number P361w 1969
090 ## - LOCALLY ASSIGNED LC-TYPE CALL NUMBER (OCLC); LOCAL CALL NUMBER (RLIN)
Classification number (OCLC) (R) ; Classification number, CALL (RLIN) (NR) HQ 18 P316w 1969
001 - CONTROL NUMBER
control field data
100 1# - MAIN ENTRY--PERSONAL NAME
Personal name Pearsall, Ronald.
245 14 - TITLE STATEMENT
Title The worm in the bud :
Remainder of title the world of Victorian sexuality /
Statement of responsibility, etc. Ronald Pearsall.
246 3# - VARYING FORM OF TITLE
Title proper/short title Victorian sexuality
250 ## - EDITION STATEMENT
Edition statement [1st American ed.
260 ## - PUBLICATION, DISTRIBUTION, ETC.
Place of publication, distribution, etc. New York]
Name of publisher, distributor, etc. Macmillan
Date of publication, distribution, etc. [1969]
300 ## - PHYSICAL DESCRIPTION
Extent xv, 560 p.
500 ## - GENERAL NOTE
General note Includes bibliogaphical references,
650 #2 - SUBJECT ADDED ENTRY--TOPICAL TERM
Topical term or geographic name entry element Sexual Behavior
General subdivision history
Holdings
Withdrawn status Lost status Damaged status Not for loan Home library Current library Shelving location Date acquired Total checkouts Full call number Barcode Date last seen Price effective from Koha item type
        Centerville Centerville General stacks 22/03/2026   GEN BC0011476 22/03/2026 22/03/2026 Books